000 00919cam a2200265 a 4500
999 _c331716
_d331716
001 3868795
003 NUST
005 20171018113922.0
008 910313s1987 pk b 001 0 eng
010 _a 88931020
040 _aDLC
_cDLC
_dDLC
043 _aa-pk---
_aa-ii---
050 0 0 _aDS480.45
_b.M837 1987
082 0 0 _a954.035
_bMUN
100 1 _aMunawwar, Muhammad,
_d1923-2000.
_94
245 1 0 _aDimensions of Pakistan movement /
_cMuhammad Munawwar.
250 _a1st ed.
260 _aLahore :
_bInstitute of Islamic Culture,
_c1987.
300 _a274 p. ;
_c22 cm.
504 _aIncludes bibliographical references (p. 265-274) and index.
650 0 _aPakistan movement.
_9203
651 0 _aIndia
_xPolitics and government
_y1919-1947.
_9205
906 _a7
_bcbc
_corignew
_d3
_encip
_f19
_gy-gencatlg
942 _2ddc
_cBK